000 01015nam a2200253 a 4500
001 13179
003 BD-JhCC
005 20230720083018.0
008 230720s20162022bg |||| |||| 000 0 eng d
020 _a9789849103264
035 _a(BD-JhCC)13179
040 _aBD-JhCC
_dBD-JhCC
041 _aben
082 _a297.18
_bALM 2022
100 _aআল মিনশাবি, শায়েখ সিদ্দিক
245 _aহযরত আবু বকর রা. -এর ১০০ ঘটনা /
_cশায়েখ সিদ্দিক আল মিনশাবি; মুফতি আমিনুল ইসলাম (অনু.)
260 _aঢাকা :
_bআনোয়ারা লাইব্রেরি,
_c২০২২
300 _a১১১ পৃ. :
_c২১ সেমি.
490 _aশতো ঘটনা সিরিজ-০১
650 _aMuslim legend
650 _ajuvenile literature
700 _aইসলাম, মুফতি আমিনুল
942 _2ddc
_cBK
999 _c13179
_d13179